Welcome to CU Library Online Public Access Catalogue (OPAC)

A survey of the Old Testament / (Record no. 6727)

MARC details
000 -LEADER
fixed length control field 00687cam a2200205 a 4500
001 - CONTROL NUMBER
control field 11881037
005 - DATE AND TIME OF LATEST TRANSACTION
control field 20250627104733.0
008 - FIXED-LENGTH DATA ELEMENTS--GENERAL INFORMATION
fixed length control field 000104s2000 miuab b 001 0 eng
020 ## - INTERNATIONAL STANDARD BOOK NUMBER
International Standard Book Number 0310229030 (alk. paper)
050 00 - LIBRARY OF CONGRESS CALL NUMBER
Classification number BS1140.2
Item number .H54 2000
082 00 - DEWEY DECIMAL CLASSIFICATION NUMBER
Classification number 221.6/1
Edition information 21
100 1# - MAIN ENTRY--PERSONAL NAME
Personal name Hill, Andrew E.
245 12 - TITLE STATEMENT
Title A survey of the Old Testament /
Statement of responsibility, etc. Andrew E. Hill, John H. Walton.
250 ## - EDITION STATEMENT
Edition statement 2nd ed.
260 ## - PUBLICATION, DISTRIBUTION, ETC.
Place of publication, distribution, etc. Grand Rapids, Mich. :
Name of publisher, distributor, etc. Zondervan Publishing House,
Date of publication, distribution, etc. c2000.
300 ## - PHYSICAL DESCRIPTION
Extent 608 p. :
Other physical details ill., maps ;
Dimensions 24 cm.
700 1# - ADDED ENTRY--PERSONAL NAME
Personal name Walton, John H.,
Dates associated with a name 1952-
856 42 - ELECTRONIC LOCATION AND ACCESS
Materials specified Publisher description
Uniform Resource Identifier <a href="http://www.loc.gov/catdir/enhancements/fy0633/00020057-d.html">http://www.loc.gov/catdir/enhancements/fy0633/00020057-d.html</a>
942 ## - ADDED ENTRY ELEMENTS (KOHA)
Source of classification or shelving scheme Library of Congress Classification
Koha item type Books
Suppress in OPAC No
999 ## -
-- 6727
-- 6727
Holdings
Withdrawn status Lost status Source of classification or shelving scheme Damaged status Not for loan Collection Home library Current library Shelving location Date acquired Total checkouts Full call number Barcode Date last seen Copy number Price effective from Koha item type
    Library of Congress Classification     Non-fiction Undergraduate Library (Christ Temple) Undergraduate Library (Christ Temple) General stacks 06/27/2025   BS1140.2 HIL ulct00003567 06/27/2025 1 06/27/2025 Books
© 2023-2024 Copyright: Central University Libraries. All Rights Reserved | Created by: Mahone Tech Office